000 00641nam a22002057a 4500
999 _c10889
_d10889
003 AR-CdUCM
008 190402b ||||| |||| 00| 0 spa d
020 _a84-319-1.079-8
040 _aMUNICIPALIDAD PROVINCIAL DEL CUSCO
_cBIBLIOTECA MUNICIPAL DEL CUSCO
082 _aEP /372.64 /
_bC25
245 _aCaperucita roja, La gallina que sembro maiz /
260 _aBilbao :
_bEdit. Vasco Americana,
_c1974.
300 _bIlustraciones,
_c28 cm.
500 _aLibro sin numeración
505 _aContenido :Cuentos infantiles /
650 _aEducación primaria
_91561
650 _aCuentos
_9217
942 _2ddc
_cLIBROS
945 _arjall